000 00433nam a2200181Ia 4500
001 24093
005 20260414151020.0
008 260414t2004||||xx |||||||||||||| ||spa||
041 _aESP
082 _a780.001
_bF385
100 _aFubini, Enrico
_eAUT
245 0 _aEl siglo XX :
_bentre música y filosofía
260 _c2004
300 _a172 páginas :
_c\N
650 _aABD
654 _aCAU
942 _cLIB
_dJUS
_fJUS
_2ddc
_n
999 _c24093
_d24093